[Event "Sochi Meetings"]
[Site "Sochi"]
[Date "2012.07.30"]
[Round "9"]
[White "Akhmetov, Artiom"]
[Black "Vavulin, Maksim"]
[Result "1-0"]
[WhiteElo "2473"]
[BlackElo "2292"]
[PlyCount "69"]
[EventDate "2012.07.24"]
[EventType "tourn"]
[EventRounds "9"]
[EventCountry "RUS"]
[EventCategory "1"]
[SourceTitle "EXT 2013"]
[Source "ChessBase"]
[SourceDate "2012.11.22"]
[SourceVersion "1"]
[SourceVersionDate "2012.11.22"]
[SourceQuality "1"]

1. Nf3 Nf6 2. c4 g6 3. Nc3 Bg7 4. d4 c5 5. e4 cxd4 6. Nxd4 0-0 7. Be2 Nc6 8. Be3 d6 9. 0-0 Bd7 10. f3 Nxd4 11. Bxd4 Bc6 12. Rc1 Nd7 13. Bxg7 Kxg7 14. Qd4+ Kg8 15. b4 b6 16. a3 Bb7 17. f4 Re8 18. Rcd1 Nf8 19. Bg4 Bc8 20. f5 Bd7 21. Rd3 Rc8 22. Nd5 f6 23. Rg3 Kg7 24. b5 Rc5 25. h4 Qc8 26. Be2 Qd8 27. h5 e5 28. fxe6 Rxe6 29. h6+ Kf7 30. Bg4 Re5 31. Rxf6+ Kg8 32. Rxd6 Qg5 33. Be6+ Nxe6 34. Rxg5 Nxd4 35. Rxe5 1-0

[Event "Sochi Meetings"]
[Site "Sochi"]
[Date "2012.07.27"]
[Round "6"]
[White "Akhmetov, Artiom"]
[Black "Oganian, Miran"]
[Result "1-0"]
[WhiteElo "2473"]
[BlackElo "2232"]
[PlyCount "77"]
[EventDate "2012.07.24"]
[EventType "tourn"]
[EventRounds "9"]
[EventCountry "RUS"]
[EventCategory "1"]
[SourceTitle "EXT 2013"]
[Source "ChessBase"]
[SourceDate "2012.11.22"]
[SourceVersion "1"]
[SourceVersionDate "2012.11.22"]
[SourceQuality "1"]

1. d4 Nf6 2. c4 e6 3. Nc3 Bb4 4. Qc2 Nc6 5. Nf3 d6 6. Bd2 0-0 7. a3 Bxc3 8. Bxc3 Qe7 9. b4 e5 10. dxe5 Nxe5 11. Nxe5 dxe5 12. e3 Bg4 13. f3 Bd7 14. Qb2 Rfe8 15. Be2 c5 16. 0-0 b6 17. Rfd1 h5 18. Rd2 h4 19. Rad1 Ba4 20. Re1 Bd7 21. Qc2 h3 22. g3 Bc8 23. Qd1 Bb7 24. Qc2 Bc8 25. Qb2 Nd7 26. Red1 cxb4 27. axb4 Nf8 28. Rd6 Qg5 29. Kf2 Be6 30. Bxe5 Rac8 31. Bf4 Qe7 32. R6d4 Ng6 33. Bd6 Qf6 34. Qa1 Bf5 35. c5 bxc5 36. bxc5 Ne5 37. Rd5 Bc2 38. Bxe5 Rxe5 39. Qxe5 1-0

[Event "KAZ-ch"]
[Site "Astana"]
[Date "2012.04.16"]
[Round "11"]
[White "Akhmetov, Artiom"]
[Black "Ismagambetov, Anuar"]
[Result "0-1"]
[WhiteElo "2473"]
[BlackElo "2471"]
[PlyCount "44"]
[EventDate "2012.04.06"]
[EventType "tourn"]
[EventRounds "13"]
[EventCountry "KAZ"]
[EventCategory "6"]
[SourceTitle "CBM 148 Extra"]
[Source "ChessBase"]
[SourceDate "2012.06.22"]
[SourceVersion "1"]
[SourceVersionDate "2012.06.22"]
[SourceQuality "1"]

1. e4 e5 2. Nf3 Nc6 3. Bb5 a6 4. Ba4 Nf6 5. 0-0 Be7 6. d3 b5 7. Bb3 0-0 8. a4 b4 9. Nbd2 Bc5 10. Nc4 d6 11. a5 Rb8 12. h3 Ne7 13. c3 Ba7 14. Re1 Ng6 15. Be3 c5 16. Bg5 Be6 17. Nh2 h6 18. Bxf6 Qxf6 19. Ng4 Qd8 20. Rb1 Nf4 21. Kh2 Qh4 22. Nxd6 Rbd8 0-1

[Event "KAZ-ch"]
[Site "Astana"]
[Date "2012.04.12"]
[Round "7"]
[White "Aitbayev, Aslan"]
[Black "Akhmetov, Artiom"]
[Result "1-0"]
[WhiteElo "2380"]
[BlackElo "2473"]
[PlyCount "95"]
[EventDate "2012.04.06"]
[EventType "tourn"]
[EventRounds "13"]
[EventCountry "KAZ"]
[EventCategory "6"]
[SourceTitle "CBM 148 Extra"]
[Source "ChessBase"]
[SourceDate "2012.06.22"]
[SourceVersion "1"]
[SourceVersionDate "2012.06.22"]
[SourceQuality "1"]

1. e4 c5 2. Nf3 d6 3. d4 cxd4 4. Nxd4 Nf6 5. Nc3 a6 6. Be3 e6 7. g4 e5 8. Nf5 h5 9. g5 Nxe4 10. Nxg7+ Bxg7 11. Nxe4 d5 12. Ng3 d4 13. Bd2 Qd5 14. c4 Qc6 15. Bd3 Bg4 16. Qc2 Bf3 17. 0-0 Nd7 18. Nf5 Bf6 19. Rae1 0-0-0 20. Be4 Bxe4 21. Qxe4 Qxe4 22. Rxe4 Rdg8 23. h4 Rg6 24. f4 Bd8 25. fxe5 Re8 26. Rfe1 Bc7 27. Nd6+ Bxd6 28. exd6 Rge6 29. Rxe6 fxe6 30. Rf1 e5 31. Rf7 Re6 32. Bb4 a5 33. Re7 Nf8 34. Bxa5 b6 35. Bxb6 Rxd6 36. Rxe5 Rxb6 37. Re8+ Kd7 38. Rxf8 Rxb2 39. Rf2 Rb1+ 40. Kg2 Ke7 41. Rd2 Ra1 42. Kf3 Ke6 43. g6 Kf6 44. Rg2 Kg7 45. Ke4 Rd1 46. c5 d3 47. Kd5 Rc1 48. Rd2 1-0

[Event "KAZ-ch"]
[Site "Astana"]
[Date "2012.04.11"]
[Round "6"]
[White "Akhmetov, Artiom"]
[Black "Kuderinov, Kirill"]
[Result "1/2-1/2"]
[WhiteElo "2473"]
[BlackElo "2490"]
[PlyCount "61"]
[EventDate "2012.04.06"]
[EventType "tourn"]
[EventRounds "13"]
[EventCountry "KAZ"]
[EventCategory "6"]
[SourceTitle "CBM 148 Extra"]
[Source "ChessBase"]
[SourceDate "2012.06.22"]
[SourceVersion "1"]
[SourceVersionDate "2012.06.22"]
[SourceQuality "1"]

1. e4 c5 2. Nf3 Nc6 3. d4 cxd4 4. Nxd4 e5 5. Nb5 d6 6. N1c3 a6 7. Na3 b5 8. Nd5 Nf6 9. Bg5 Be7 10. Bxf6 Bxf6 11. c4 b4 12. Nc2 Rb8 13. Be2 0-0 14. Qd3 Be6 15. 0-0 Bg5 16. b3 a5 17. Rfd1 a4 18. g3 Kh8 19. Bf3 a3 20. Bg2 Qa5 21. h4 Bh6 22. Qe2 Qc5 23. Rd3 Rb7 24. Rad1 g6 25. Nde3 Rd7 26. Qd2 Rfd8 27. Qe1 Bxe3 28. Rxe3 Kg7 29. Red3 h6 30. Qd2 Qb6 31. Ne3 1/2-1/2

[Event "Moscow Aeroflot op-B"]
[Site "Moscow"]
[Date "2005.02.19"]
[Round "5"]
[White "Akhmetov, Artiom"]
[Black "Khairullin, Ildar"]
[Result "0-1"]
[WhiteElo "2478"]
[BlackElo "2507"]
[PlyCount "69"]
[EventDate "2005.02.15"]
[EventType "swiss"]
[EventRounds "9"]
[EventCountry "RUS"]
[SourceTitle "EXT 2006"]
[Source "ChessBase"]
[SourceDate "2005.11.24"]
[SourceVersion "1"]
[SourceVersionDate "2005.11.24"]
[SourceQuality "1"]

1. d4 Nf6 2. c4 c5 3. d5 b5 4. cxb5 a6 5. bxa6 g6 6. Nc3 Bxa6 7. g3 Bg7 8. Bg2 d6 9. Nf3 Nbd7 10. Rb1 0-0 11. 0-0 Qa5 12. Qc2 Nb6 13. Rd1 Nfd7 14. Bg5 Nc4 15. Bh3 Ra7 16. Rbc1 Ndb6 17. Bf1 h6 18. Bf4 Rb8 19. b3 Na3 20. Qd2 g5 21. Be3 Bb7 22. Qd3 Bxc3 23. Rxc3 Nxd5 24. Rcc1 Nf6 25. Bd2 Qa6 26. Qxa6 Bxa6 27. h4 g4 28. Ne1 h5 29. Ng2 Nb5 30. b4 Nd4 31. Bc3 e5 32. bxc5 dxc5 33. Bxd4 cxd4 34. Rc5 Re8 35. Ra5 0-1

[Event "Moscow Aeroflot op-B"]
[Site "Moscow"]
[Date "2005.02.18"]
[Round "4"]
[White "Guliev, Sarhan"]
[Black "Akhmetov, Artiom"]
[Result "0-1"]
[WhiteElo "2481"]
[BlackElo "2478"]
[PlyCount "136"]
[EventDate "2005.02.15"]
[EventType "swiss"]
[EventRounds "9"]
[EventCountry "RUS"]
[SourceTitle "EXT 2006"]
[Source "ChessBase"]
[SourceDate "2005.11.24"]
[SourceVersion "1"]
[SourceVersionDate "2005.11.24"]
[SourceQuality "1"]

1. e4 e5 2. Nf3 Nc6 3. Bb5 Nf6 4. 0-0 Nxe4 5. d4 Nd6 6. Bg5 Be7 7. Bxe7 Qxe7 8. Bxc6 dxc6 9. dxe5 Nf5 10. Nc3 Be6 11. Qd2 Rd8 12. Qf4 0-0 13. Ne4 Kh8 14. Neg5 h6 15. Nxe6 fxe6 16. Qe4 Rd5 17. c3 Qd8 18. Rae1 Rf7 19. h4 Kg8 20. h5 Rd3 21. Qg4 Qd5 22. a3 c5 23. Re4 Qb3 24. Rf4 Rd8 25. Qg6 Rdf8 26. c4 Re7 27. Re1 Qxb2 28. Rd1 Qc2 29. Rd2 Qc1+ 30. Kh2 Nd4 31. Rxf8+ Kxf8 32. Nxd4 Qxd2 33. Nxe6+ Kg8 34. f4 Qe3 35. Qf5 Rf7 36. Qg4 Qe4 37. Qd1 Rxf4 38. Qd8+ Kh7 39. Nxf4 Qxf4+ 40. Kh1 Qxe5 41. Qd3+ Kg8 42. Qd8+ Kf7 43. Qd7+ Kf6 44. Qd8+ Qe7 45. Qd2 c6 46. a4 Ke6 47. g3 Qg5 48. Qe2+ Kd7 49. Kg2 a5 50. Kh3 Kc7 51. g4 Qf6 52. Qe1 Kb6 53. Qe2 Qc3+ 54. Kh4 Qa1 55. Qc2 Ka6 56. Qb3 Qe1+ 57. Kh3 Qb4 58. Qc2 Qa3+ 59. Kh4 Qf3 60. Qd2 Qb3 61. Qd7 Qxc4 62. Qxg7 Qf4 63. Kh3 c4 64. Qc3 b5 65. axb5+ cxb5 66. Qg7 a4 67. g5 Qf3+ 68. Kh4 hxg5+ 0-1

[Event "Moscow Aeroflot op-B"]
[Site "Moscow"]
[Date "2005.02.17"]
[Round "3"]
[White "Yandarbiev, Ruslan"]
[Black "Akhmetov, Artiom"]
[Result "1/2-1/2"]
[WhiteElo "2404"]
[BlackElo "2478"]
[PlyCount "123"]
[EventDate "2005.02.15"]
[EventType "swiss"]
[EventRounds "9"]
[EventCountry "RUS"]
[SourceTitle "EXT 2006"]
[Source "ChessBase"]
[SourceDate "2005.11.24"]
[SourceVersion "1"]
[SourceVersionDate "2005.11.24"]
[SourceQuality "1"]

1. e4 e5 2. Nf3 Nc6 3. Bb5 Nf6 4. d3 d6 5. c3 g6 6. Nbd2 Bg7 7. Nf1 0-0 8. Ng3 a6 9. Bxc6 bxc6 10. 0-0 Rb8 11. h3 Nd7 12. Qc2 Nc5 13. Bg5 Qe8 14. d4 Ne6 15. Be3 c5 16. dxe5 dxe5 17. Rad1 Qb5 18. b3 a5 19. Rfe1 a4 20. bxa4 Qa5 21. Ng5 Ra8 22. Nxe6 Bxe6 23. Qd2 Rfe8 24. f3 Bf8 25. Qf2 Qb6 26. Rd2 Rxa4 27. Red1 Qc6 28. Rb2 Rea8 29. Rdd2 Ra3 30. Rbc2 Bc4 31. Nf1 Bd6 32. Nh2 f6 33. Ng4 Be7 34. Bh6 Qe6 35. Be3 h5 36. Nh6+ Kh7 37. g4 Rxa2 38. gxh5 f5 39. Rxa2 Bxa2 40. hxg6+ Qxg6+ 41. Kh2 f4 42. Bxf4 exf4 43. Nf5 Be6 44. Nxe7 Qh5 45. Nf5 Bxf5 46. exf5 Rg8 47. Rd7+ Rg7 48. Rxg7+ Kxg7 49. Qg2+ Kf6 50. Qg4 Qxf5 51. h4 Qe5 52. Kh3 Qxc3 53. Qxf4+ Kg6 54. Qg3+ Kh6 55. Qf4+ Kg6 56. Kg4 Qb4 57. Qe4+ Qxe4+ 58. fxe4 c4 59. Kf4 c3 60. Ke3 c2 61. Kd2 Kh5 62. e5 1/2-1/2

[Event "St Petersburg-Moscow"]
[Site "St Petersburg"]
[Date "2003.05.03"]
[Round "1"]
[White "Akhmetov, Artiom"]
[Black "Shchukin, Dmitry"]
[Result "1-0"]
[WhiteElo "2463"]
[BlackElo "2419"]
[PlyCount "65"]
[EventDate "2003.05.03"]
[EventType "team"]
[EventRounds "2"]
[EventCountry "RUS"]
[SourceTitle "CBM 095"]
[Source "ChessBase"]
[SourceDate "2003.07.25"]
[SourceVersion "1"]
[SourceVersionDate "2003.07.25"]
[SourceQuality "1"]

1. d4 Nf6 2. c4 g6 3. Nc3 Bg7 4. e4 d6 5. Nf3 0-0 6. Be2 e5 7. 0-0 Nc6 8. d5 Ne7 9. b4 Nh5 10. Re1 Nf4 11. Bf1 h6 12. Nd2 g5 13. c5 Neg6 14. Nc4 h5 15. a4 Nh4 16. cxd6 cxd6 17. Nb5 Bg4 18. f3 Nh3+ 19. gxh3 Bxf3 20. Be2 Bxe4 21. Nbxd6 Bg2 22. Ra3 f5 23. Rg3 g4 24. Rxg2 Nxg2 25. Kxg2 Qh4 26. hxg4 fxg4 27. Ne4 g3 28. Nxg3 Rf2+ 29. Kxf2 Qxh2+ 30. Ke3 Qxg3+ 31. Kd2 e4 32. Bb2 Rd8 33. Kc2 1-0

[Event "RUS-Cup04"]
[Site "Samara"]
[Date "2002.07.30"]
[Round "5"]
[White "Akhmetov, Artiom"]
[Black "Sidorov, Anatoly"]
[Result "1/2-1/2"]
[WhiteElo "2482"]
[BlackElo "2384"]
[PlyCount "83"]
[EventDate "2002.07.26"]
[EventType "swiss"]
[EventRounds "9"]
[EventCountry "RUS"]
[SourceTitle "CBM 089 Extra"]
[Source "ChessBase"]
[SourceDate "2002.09.10"]
[SourceVersion "2"]
[SourceVersionDate "2002.09.10"]
[SourceQuality "1"]

1. Nf3 d5 2. g3 Nc6 3. d4 Bf5 4. Bg2 e6 5. 0-0 h6 6. b3 a5 7. c4 a4 8. cxd5 exd5 9. bxa4 Nf6 10. Nc3 Bb4 11. Nb5 0-0 12. Bf4 Ba5 13. Rc1 Ne4 14. Nd2 Nxd2 15. Bxd2 Bb6 16. Qb3 Be6 17. e3 Qd7 18. Rc2 Na5 19. Bxa5 Bxa5 20. Nc3 c6 21. Rfc1 Ra7 22. Nd1 h5 23. Nb2 Bf5 24. Nd3 Qe7 25. Rb2 Bxd3 26. Qxd3 g6 27. Bf3 Re8 28. Rcb1 Qf6 29. Kg2 Re7 30. Rb3 Kg7 31. R1b2 Rd7 32. Qb1 Qe7 33. h4 Bd8 34. Bd1 Qe4+ 35. Qxe4 dxe4 36. Bc2 f5 37. Kf1 Kf6 38. Rc3 Be7 39. Ke2 Ra5 40. Rb1 Bd6 41. Rc4 Kg7 42. Rb3 1/2-1/2

[Event "Moscow Aeroflot op"]
[Site "Moscow"]
[Date "2002.02.10"]
[Round "9"]
[White "Akhmetov, Artiom"]
[Black "Miton, Kamil"]
[Result "1/2-1/2"]
[WhiteElo "2482"]
[BlackElo "2521"]
[PlyCount "40"]
[EventDate "2002.02.04"]
[EventType "swiss"]
[EventRounds "9"]
[EventCountry "RUS"]
[SourceTitle "CBM 088"]
[Source "ChessBase"]
[SourceDate "2002.03.21"]
[SourceVersion "1"]
[SourceVersionDate "2002.03.21"]
[SourceQuality "1"]

1. Nf3 f5 2. g3 Nf6 3. Bg2 g6 4. 0-0 Bg7 5. d4 0-0 6. b3 d6 7. Bb2 c6 8. Nbd2 Na6 9. e3 h6 10. Qe2 g5 11. Ne1 Qe8 12. Nd3 Qg6 13. Rae1 Ne4 14. f3 Nxd2 15. Qxd2 Nc7 16. e4 fxe4 17. fxe4 Rxf1+ 18. Rxf1 Bd7 19. a4 b6 20. a5 Rf8 1/2-1/2

[Event "Moscow Aeroflot op"]
[Site "Moscow"]
[Date "2002.02.09"]
[Round "7"]
[White "Akhmetov, Artiom"]
[Black "Kim, Alexey"]
[Result "1-0"]
[WhiteElo "2482"]
[BlackElo "2414"]
[PlyCount "81"]
[EventDate "2002.02.04"]
[EventType "swiss"]
[EventRounds "9"]
[EventCountry "RUS"]
[SourceTitle "CBM 088"]
[Source "ChessBase"]
[SourceDate "2002.03.21"]
[SourceVersion "1"]
[SourceVersionDate "2002.03.21"]
[SourceQuality "1"]

1. d4 f5 2. g3 Nf6 3. Bg2 g6 4. Nf3 Bg7 5. 0-0 0-0 6. b4 c6 7. Bb2 d5 8. Nbd2 e6 9. c4 a5 10. bxa5 Rxa5 11. a4 Ra8 12. Qc2 Ne4 13. e3 Nd7 14. Rfe1 g5 15. Ne5 Nxe5 16. dxe5 g4 17. Red1 Qg5 18. a5 h5 19. Ra3 Qh6 20. a6 Rxa6 21. Rxa6 bxa6 22. Ba3 Rf7 23. Nxe4 fxe4 24. Bxe4 Bb7 25. Bg6 Rd7 26. Bd6 h4 27. Rb1 hxg3 28. hxg3 Bf8 29. c5 a5 30. Bd3 Qh5 31. Qa4 Bxd6 32. exd6 e5 33. Qxa5 Kg7 34. Qa7 Qf7 35. Qb8 Kf6 36. Rb4 e4 37. Be2 Kg5 38. Qh8 Qg7 39. Qh4+ Kf5 40. Qh5+ Kf6 41. Bxg4 1-0

[Event "Moscow Aeroflot op"]
[Site "Moscow"]
[Date "2002.02.05"]
[Round "1"]
[White "Akhmetov, Artiom"]
[Black "Bu, Xiangzhi"]
[Result "0-1"]
[WhiteElo "2482"]
[BlackElo "2593"]
[PlyCount "114"]
[EventDate "2002.02.04"]
[EventType "swiss"]
[EventRounds "9"]
[EventCountry "RUS"]
[SourceTitle "CBM 088"]
[Source "ChessBase"]
[SourceDate "2002.03.21"]
[SourceVersion "1"]
[SourceVersionDate "2002.03.21"]
[SourceQuality "1"]

1. d4 Nf6 2. c4 c5 3. d5 e6 4. Nc3 exd5 5. cxd5 d6 6. e4 g6 7. Nf3 Bg7 8. Be2 0-0 9. 0-0 a6 10. a4 Bg4 11. Bf4 Nh5 12. Bg5 Bf6 13. Bd2 Nd7 14. h3 Bxf3 15. Bxf3 Ng7 16. Qc2 Be5 17. Ne2 b5 18. Bg4 Nb6 19. f4 Bf6 20. axb5 axb5 21. Rxa8 Qxa8 22. b3 c4 23. b4 h5 24. Bf3 Qa4 25. Rc1 Ra8 26. Bc3 Bxc3 27. Qxc3 Qa6 28. g4 hxg4 29. hxg4 Ne8 30. e5 Qa2 31. Kf2 Ra3 32. Qd4 Nd7 33. Rc3 dxe5 34. fxe5 Rxc3 35. Qxc3 Ng7 36. Kg3 Qb1 37. Kf2 Qb3 38. Be4 Qxc3 39. Nxc3 Nxe5 40. g5 Kf8 41. Nxb5 Ke7 42. Ke3 Ne8 43. Kd4 Nd7 44. Kxc4 Nd6+ 45. Nxd6 Kxd6 46. Kb5 f6 47. Bg2 fxg5 48. Ka6 g4 49. b5 Kc5 50. Bh1 g3 51. Bg2 g5 52. Bh1 g4 53. Bg2 Nb6 54. d6 Nd7 55. Bh1 Kxd6 56. b6 Ke5 57. b7 Nc5+ 0-1

[Event "St Petersburg White Nights op1"]
[Site "St Petersburg"]
[Date "2002.??.??"]
[Round "6"]
[White "Akhmetov, Artiom"]
[Black "Abramov, Valentin"]
[Result "1-0"]
[WhiteElo "2482"]
[BlackElo "2183"]
[PlyCount "77"]
[EventDate "2002.??.??"]
[EventType "swiss"]
[EventRounds "9"]
[EventCountry "RUS"]
[SourceTitle "EXT 2003"]
[Source "ChessBase"]
[SourceDate "2002.11.25"]
[SourceVersion "1"]
[SourceVersionDate "2002.11.25"]
[SourceQuality "1"]

1. Nf3 d5 2. g3 Nf6 3. Bg2 g6 4. 0-0 Bg7 5. c4 c6 6. d4 0-0 7. cxd5 cxd5 8. Nc3 Nc6 9. Ne5 Nxe5 10. dxe5 Ng4 11. Nxd5 Nxe5 12. Bg5 Nc6 13. Qd2 f6 14. Bf4 e5 15. Be3 Be6 16. Rfd1 Rf7 17. Bc5 Rd7 18. e4 Rc8 19. Be3 f5 20. exf5 gxf5 21. Bg5 Qe8 22. Qe3 Qf7 23. Nc3 Nd4 24. Rac1 h6 25. Bh4 f4 26. Qe1 Qh5 27. Rxd4 Rxd4 28. Bxb7 Rb8 29. Nb5 Rc4 30. Rxc4 Bxc4 31. Nd6 Rxb7 32. Nxc4 Rd7 33. Qe4 Rd1+ 34. Kg2 f3+ 35. Kh3 Rd4 36. Qa8+ Kh7 37. Qc8 Bf6 38. Qd7+ Kg6 39. Qe8+ 1-0

[Event "Moscow-ch 1/2 final"]
[Site "Moscow"]
[Date "2002.??.??"]
[Round "10"]
[White "Akhmetov, Artiom"]
[Black "Gabrielian, Artur"]
[Result "1-0"]
[WhiteElo "2430"]
[BlackElo "2333"]
[PlyCount "115"]
[EventDate "2002.03.??"]
[EventType "swiss"]
[EventRounds "11"]
[EventCountry "RUS"]
[SourceTitle "EXT 2003"]
[Source "ChessBase"]
[SourceDate "2002.11.25"]
[SourceVersion "1"]
[SourceVersionDate "2002.11.25"]
[SourceQuality "1"]

1. d4 Nf6 2. c4 c5 3. d5 d6 4. Nc3 g6 5. e4 Bg7 6. Be2 0-0 7. Nf3 e6 8. 0-0 exd5 9. cxd5 a6 10. a4 Bg4 11. Bf4 Bxf3 12. Bxf3 Qc7 13. Rb1 Nbd7 14. Qd2 Rfe8 15. Rfc1 Ne5 16. Be2 Qa5 17. b3 Qb4 18. f3 Rab8 19. Nd1 Qxd2 20. Bxd2 b5 21. axb5 axb5 22. b4 c4 23. Ra1 Nfd7 24. Ra6 f5 25. Rxd6 Nf6 26. Nc3 fxe4 27. fxe4 Nd3 28. Bxd3 cxd3 29. Re6 Rxe6 30. dxe6 Re8 31. e5 Ng4 32. Nxb5 Bxe5 33. h3 Nf6 34. Re1 Rxe6 35. Re3 Ne4 36. Rxe4 Bh2+ 37. Kxh2 Rxe4 38. Na3 Kf7 39. Kg3 Ke6 40. Kf3 Kd5 41. Nb5 Re7 42. Nc3+ Kd4 43. b5 Rf7+ 44. Kg3 Kc4 45. Ne4 Kd4 46. Nc3 Kc4 47. h4 h5 48. Be1 Kd4 49. Nd1 Kc4 50. b6 Kc5 51. Bf2+ Kc4 52. Be3 Rf5 53. Nb2+ Kc3 54. b7 Rb5 55. Bb6 Kxb2 56. b8Q Kc2 57. Qc8+ Kd1 58. Qc4 1-0

[Event "St Petersburg White Nights op1"]
[Site "St Petersburg"]
[Date "2002.??.??"]
[Round "4"]
[White "Akhmetov, Artiom"]
[Black "Utkin, Aleksey"]
[Result "0-1"]
[WhiteElo "2482"]
[BlackElo "2360"]
[PlyCount "152"]
[EventDate "2002.??.??"]
[EventType "swiss"]
[EventRounds "9"]
[EventCountry "RUS"]
[SourceTitle "EXT 2003"]
[Source "ChessBase"]
[SourceDate "2002.11.25"]
[SourceVersion "1"]
[SourceVersionDate "2002.11.25"]
[SourceQuality "1"]

1. Nf3 g6 2. d4 Bg7 3. e4 d6 4. Nc3 Nf6 5. Be2 0-0 6. 0-0 Nbd7 7. Re1 e5 8. Bf1 c6 9. a4 a5 10. b3 exd4 11. Nxd4 Re8 12. Bb2 Nc5 13. f3 Nh5 14. Qd2 Qh4 15. Nce2 Bd7 16. Rad1 b6 17. g3 Qe7 18. Bg2 Qf8 19. Nc3 Rad8 20. Nb1 Na6 21. Qc1 Bh6 22. Nd2 c5 23. Nb5 d5 24. exd5 Nb4 25. f4 Nxf4 26. gxf4 Bxf4 27. Rf1 Qh6 28. Rxf4 Qxf4 29. Nc4 Qg4 30. Ne5 Qh5 31. Bf3 Qh4 32. Nd6 Re7 33. c4 f6 34. Nxd7 Rdxd7 35. Nb5 Nd3 36. Qd2 Nf4 37. d6 Qg5+ 38. Kh1 Re2 39. Bxf6 Qf5 40. Bd5+ Kf8 41. Be7+ Ke8 42. Qc3 Rxh2+ 43. Kxh2 Qh5+ 44. Kg3 Ne2+ 45. Kf2 Nxc3 46. Nxc3 Qh2+ 47. Ke3 Rxe7+ 48. dxe7 Kxe7 49. Rf1 Qg3+ 50. Rf3 Qg1+ 51. Kd3 h5 52. Rf7+ Kd6 53. Ne4+ Ke5 54. Nd2 Qg3+ 55. Nf3+ Kd6 56. Rf6+ Ke7 57. Re6+ Kd7 58. Re5 Qg2 59. Rg5 Qf1+ 60. Kc2 Qf2+ 61. Nd2 h4 62. Rxg6 Ke7 63. Rg2 Qf4 64. Rg7+ Kd8 65. Rf7 Qg4 66. Rf6 h3 67. Rxb6 h2 68. Rh6 Qg1 69. Bf3 Qf2 70. Rh7 Qg3 71. Be4 Kc8 72. Kd1 Qf2 73. Kc2 Qg3 74. Rf7 Qe3 75. Rf1 Kc7 76. Bd5 Qe2 0-1

[Event "RUS-Cup07"]
[Site "Togliatti"]
[Date "2001.08.14"]
[Round "7"]
[White "Alekseev, Evgeny V"]
[Black "Akhmetov, Artiom"]
[Result "1/2-1/2"]
[WhiteElo "2544"]
[BlackElo "2466"]
[PlyCount "99"]
[EventDate "2001.08.08"]
[EventType "swiss"]
[EventRounds "9"]
[EventCountry "RUS"]
[SourceTitle "CBM 083 Extra"]
[Source "ChessBase"]
[SourceDate "2001.09.11"]
[SourceVersion "1"]
[SourceVersionDate "2001.09.11"]
[SourceQuality "1"]

1. e4 e5 2. Nf3 Nc6 3. Bc4 Bc5 4. c3 Nf6 5. d3 d6 6. Bb3 h6 7. 0-0 0-0 8. h3 Be6 9. Re1 Bxb3 10. Qxb3 Bb6 11. Nbd2 Re8 12. Nc4 Rb8 13. Nxb6 axb6 14. Bd2 d5 15. exd5 Qxd5 16. Qxd5 Nxd5 17. b4 f6 18. b5 Nd8 19. d4 Nf7 20. c4 Nf4 21. dxe5 fxe5 22. Bc3 Nd3 23. Re3 Rbd8 24. Rd1 e4 25. Nd2 Nd6 26. Nxe4 Nxe4 27. Rdxd3 Rxd3 28. Rxd3 Nxc3 29. Rxc3 Re1+ 30. Kh2 Re2 31. a3 Rxf2 32. c5 Rf6 33. a4 Rf4 34. cxb6 cxb6 35. Rc8+ Kh7 36. Rc7 Rxa4 37. Rxb7 Rb4 38. Rxb6 Rb3 39. Kg1 Rb2 40. Rb8 h5 41. Kf1 Kg6 42. b6 h4 43. b7 Kg5 44. Ke1 Rb1+ 45. Kd2 Rb3 46. Kc2 Rb6 47. Kc3 Rb1 48. Kc4 g6 49. Kd5 Rd1+ 50. Kc6 1/2-1/2

[Event "RUS-Cup07"]
[Site "Togliatti"]
[Date "2001.08.09"]
[Round "2"]
[White "Shomoev, Anton"]
[Black "Akhmetov, Artiom"]
[Result "1/2-1/2"]
[WhiteElo "2397"]
[BlackElo "2466"]
[PlyCount "175"]
[EventDate "2001.08.08"]
[EventType "swiss"]
[EventRounds "9"]
[EventCountry "RUS"]
[SourceTitle "CBM 083 Extra"]
[Source "ChessBase"]
[SourceDate "2001.09.11"]
[SourceVersion "1"]
[SourceVersionDate "2001.09.11"]
[SourceQuality "1"]

1. e4 e5 2. Nf3 Nc6 3. Bb5 Nf6 4. 0-0 Nxe4 5. d4 Nd6 6. Bxc6 dxc6 7. dxe5 Nf5 8. Qxd8+ Kxd8 9. Nc3 h6 10. h3 Bd7 11. b3 Ne7 12. Bb2 Ng6 13. Rad1 Kc8 14. Rfe1 Bb4 15. Re4 a5 16. Nd4 Re8 17. Rde1 Nf8 18. a3 Bc5 19. g4 Ne6 20. Nce2 a4 21. b4 Bf8 22. Nxe6 fxe6 23. Nf4 c5 24. Ng6 cxb4 25. Nxf8 Rxf8 26. Rxb4 Ra5 27. f4 g6 28. Bc1 Rd5 29. f5 gxf5 30. Bxh6 Rg8 31. Kf2 Rc5 32. gxf5 Rxc2+ 33. Re2 Rxe2+ 34. Kxe2 exf5 35. h4 c5 36. Rb6 Rg4 37. Bg5 Bc6 38. Bf6 Kd7 39. Kd3 Rd4+ 40. Kc3 Ke6 41. h5 Rg4 42. h6 Rg3+ 43. Kc4 Rh3 44. Bg7 f4 45. Rb2 f3 46. Rd2 Kf5 47. Kxc5 Ke4 48. e6 Ke3 49. Rd6 Rh5+ 50. Kb6 f2 51. Bd4+ Kf3 52. Bxf2 Rxh6 53. Bc5 Ke4 54. Rd4+ Kf5 55. e7 Re6 56. Kc7 Kf6 57. Rf4+ Ke5 58. Rf1 Kd5 59. Bb4 Kc4 60. Rc1+ Kd4 61. Kd8 Kd5 62. Rc5+ Kd4 63. Rh5 Kc4 64. Rh8 Kd5 65. Rh2 Kc4 66. Rd2 Re4 67. Rc2+ Kd4 68. Rc5 Re6 69. Rg5 Kc4 70. Bc5 Re4 71. Bd6 Kd4 72. Rg6 Kd5 73. Bb4 Re6 74. Rxe6 Kxe6 75. e8Q+ Bxe8 76. Kxe8 b6 77. Bf8 Kf6 78. Kd7 Ke5 79. Kc6 Ke6 80. Bd6 Kf7 81. Kd5 Ke8 82. Kc6 Kf7 83. Kd7 Kf6 84. Bh2 Kf5 85. Kd6 Kf6 86. Kd5 Ke7 87. Bg3 Kf6 88. Kc6 1/2-1/2

[Event "St Petersburg White Nights"]
[Site "St Petersburg"]
[Date "2000.06.28"]
[Round "5"]
[White "Akhmetov, Artiom"]
[Black "Bakre, Tejas"]
[Result "1/2-1/2"]
[WhiteElo "2438"]
[BlackElo "2352"]
[PlyCount "94"]
[EventDate "2000.06.23"]
[EventType "tourn"]
[EventRounds "9"]
[EventCountry "RUS"]
[EventCategory "9"]
[SourceTitle "CBM 076 Extra"]
[Source "ChessBase"]
[SourceDate "2000.07.11"]
[SourceVersion "1"]
[SourceVersionDate "2000.07.11"]
[SourceQuality "1"]

1. Nf3 c5 2. g3 Nc6 3. c4 g6 4. Nc3 Bg7 5. Bg2 Nh6 6. Rb1 Rb8 7. a3 a6 8. b4 cxb4 9. axb4 b5 10. cxb5 axb5 11. d4 Nf5 12. e3 0-0 13. 0-0 e6 14. Ne4 d6 15. Bd2 Bb7 16. Qe2 Na7 17. Ra1 Qb6 18. Nc3 Bxf3 19. Bxf3 d5 20. Ra5 Nd6 21. Rfa1 Nc6 22. Ra6 Qb7 23. Qe1 Nc4 24. Ne2 Ra8 25. Rxa8 Rxa8 26. Bc3 Rxa1 27. Qxa1 Bf8 28. e4 Nxb4 29. Bxb4 Bxb4 30. exd5 Bd2 31. Nc3 Bxc3 32. Qxc3 exd5 33. Qb4 Qc6 34. Qc5 Qxc5 35. dxc5 d4 36. c6 b4 37. c7 Nd6 38. Kf1 Kf8 39. Ke2 Ke7 40. Bc6 Nc8 41. Kd3 Kd6 42. Be8 f6 43. Kxd4 Kxc7 44. Bf7 Kb6 45. Bg8 h6 46. Bb3 Ne7 47. Kc4 Kc6 1/2-1/2